00424nam a2200157Ia 450000500170000000800410001708200130005824500140007126000090008530000130009450000210010770000220012894200060015095200950015699900150025120250509033820.0240331s9999 xx 000 0 und d a028bSAT 0aSath maga c1987 a140 p ., aSinhala Magazine aFernando,M. eedt cL 001040708LaWERCLbWERCLcSSCd2024-03-31l0o 028 SATp1035r2024-03-31w2024-03-31yL c1304d1304